Héros de My Hero Academia par Images - Statistiques

Statistiques générales
  • Ce quiz a été pris 496 fois
  • Le résultat moyen est 13 sur 20
Statistiques - réponses
Par images Réponse % Correct
All Might
98%
Eraser Head
92%
Hawks
89%
Endeavor
87%
Best Jeanist
80%
Fat Gum
76%
Midnight
76%
Present Mic
70%
Mirko
66%
Gran Torino
64%
Mount Lady
61%
Sir Nighteye
59%
Gang Orca
58%
Wash
55%
Dieu Sylvestre
50%
Nezu
50%
Edgeshot
41%
Manual
37%
Ryukyu
35%
Vlad King
35%
Aucun quiz correspondant
Distribution des résultats
% des personnes avec chaque résultat
Percentile par nombre de réponses
Votre historique - résultats
Vous n’avez pas pris ce quiz